Ideas of the Great Educators (Record no. 542903)

000 -LEADER
fixed length control field 00430nam a22001577a 4500
022 ## - INTERNATIONAL STANDARD SERIAL NUMBER
International Standard Serial Number 0-06-463480-9
082 ## - DEWEY DECIMAL CLASSIFICATION NUMBER
Classification number 371.1
Author Mark SMI
-- L-29 p-153
100 ## - MAIN ENTRY--PERSONAL NAME
Personal name Samuel, Smith
9 (RLIN) 38261
245 ## - TITLE STATEMENT
Title Ideas of the Great Educators
260 ## - PUBLICATION, DISTRIBUTION, ETC.
Place of publication, distribution, etc. United Stattes
Name of publisher, distributor, etc. Library of Congress
Date of publication, distribution, etc. 1979
300 ## - PHYSICAL DESCRIPTION
Extent viii, 200.p:
526 ## - STUDY PROGRAM INFORMATION NOTE
Program name 0
Interest level 0
Reading level 0
Title point value 371_100000000000000_SMI
650 ## - SUBJECT ADDED ENTRY--TOPICAL TERM
Topical term or geographic name entry element MCE
9 (RLIN) 379
700 ## - ADDED ENTRY--PERSONAL NAME
Personal name Smith, Samuel
9 (RLIN) 38262
942 ## - ADDED ENTRY ELEMENTS (KOHA)
Source of classification or shelving scheme
Koha item type Book
Holdings
Withdrawn status Lost status Source of classification or shelving scheme Damaged status Not for loan Permanent Location Current Location Date acquired Total Checkouts Full call number Barcode Date last seen Price effective from Koha item type
          Military College of Engineering (MCE) Military College of Engineering (MCE) 02/24/2014   371.1 SMI MCE-9547 02/24/2014 02/24/2014 Book
© 2023 Central Library, National University of Sciences and Technology. All Rights Reserved.